Aplikovaná statistika

Saved in:
Bibliographic Details
Main Author Pavlík, Jiří, 1947- (Author)
Format Book
LanguageCzech
Published Praha : Vysoká škola chemicko-technologická, 2005
Subjects
ISBN80-7080-569-2
978-80-7080-569-5
Physical Description172 s. : il. ; 30 cm

Cover

LEADER 00000aam a2200000 a 4500
001 115712
003 CZ-ZlUTB
005 20260529085401.0
007 ta
008 050926s2005 xr a e p 000 cze d
015 |a cnb001631814 
020 |a 80-7080-569-2  |q (brož.) 
020 |a 978-80-7080-569-5  |q (dotisk ;  |q brož.) 
035 |a (OCoLC)85717174 
040 |a CBA001  |b cze  |d BOA001  |d ABA001  |d ZLD002 
072 7 |a 519.1/.8  |x Kombinatorika. Teorie grafů. Matematická statistika. Operační výzkum. Matematické modelování  |2 Konspekt  |9 13 
072 7 |a 37.016  |x Učební osnovy. Vyučovací předměty. Učebnice  |2 Konspekt  |9 22 
080 |a 519.23/.24  |2 MRF 
080 |a (075.8)  |2 MRF 
100 1 |a Pavlík, Jiří,  |d 1947-  |7 xx0036545  |4 aut 
245 1 0 |a Aplikovaná statistika /  |c Jiří Pavlík a kolektiv 
260 |a Praha :  |b Vysoká škola chemicko-technologická,  |c 2005 
300 |a 172 s. :  |b il. ;  |c 30 cm 
500 |a Dotisk 2014 
504 |a Obsahuje bibliografii 
650 0 7 |a statistické metody  |7 ph135431  |2 czenas 
650 0 9 |a statistical methods  |2 eczenas 
655 7 |a učebnice vysokých škol  |7 fd133772  |2 czenas 
655 9 |a textbooks (higher)  |2 eczenas 
901 |f [1. vyd.]  |o 20060726 
910 |a ZLD002 
942 |2 udc 
952 |0 0  |1 0  |4 0  |5 0  |6 S519PAVLÍKJ  |7 -1  |8 BOOK  |9 191294  |a UTBZL  |b UTBZL  |c 037  |d 2026-05-25  |l 0  |o S519/PAVLÍK,J.  |p 420010201899  |r 2026-05-25 15:37:04  |v 133.00  |w 2026-05-25  |x N:nákup  |y 01 
992 |b SK 
999 |c 115712  |d 115712